000 01082nam a22002777a 4500
003 dpl
005 20180703122816.0
008 180703b xxu||||| |||| 00| 0 eng d
010 _aB-072948
020 _c125.00
_a8176750530
035 _aB-072948, B-072952
037 _bCen Lib/Ret
040 _aDPL
_bHN
_c0
082 _a
_bशर्माओ
100 _aशर्मा, ओमा
_968919
245 _aभविष्यदृष्टा /
_cओमा शर्मा
246 _aBhavishyedrishta /
_bby Oma Sharma
260 _aहरियाणा
_bआधार प्रकाशन
_c2000
270 _aएस.सी.एफ.267, सेक्टर 16 पंचकूला
_bहरियाणा
_e134 113
300 _a135पृ.
_c20सेमी(सजिल्द)
650 _aहिन्दी साहित्य
_968920
650 _aहिन्दी -- लघु कहानियां
_968921
650 _aHindi literature
_968922
650 _aHindi -- Short Stories
_929625
942 _2ddc
_cHN
_h
_mशर्माओ
999 _c116907
_d116907